Wohlfahrtseffekte von Rüstungs- und Raumfahrtausgaben <Das> Beispiel der Vereinigten Staaten

Guardado en:
Detalles Bibliográficos
Autor principal: Glismann, Hans H.
Otros Autores: Horn, Ernst-Jürgen, Schrader, Klaus
Formato: Libro
Lenguaje:alemán
Publicado: Tübingen Mohr 1993
Edición:1. Aufl.
Colección:Kieler Studien 258
Materias:
Etiquetas: Agregar Etiqueta
Sin Etiquetas, Sea el primero en etiquetar este registro!

MARC

LEADER 00000nam a2200000 4500
001 c005151
005 20221206075251.3
020 |a 3-16-146188-6 
041 0 |a ger 
044 |a DE 
245 1 0 |a Wohlfahrtseffekte von Rüstungs- und Raumfahrtausgaben  |b <Das> Beispiel der Vereinigten Staaten  |c Hans H. Glismann, Ernst-Jürgen Horn, Klaus Schrader 
250 |a 1. Aufl. 
264 1 |a Tübingen  |b Mohr  |c 1993 
300 |a 214 s. 
490 1 |a Kieler Studien  |v 258 
830 0 |a Kieler Studien  |v 258 
610 2 0 |a USA 
610 2 0 |a zbrojenie 
610 2 0 |a výskum kozmický 
610 2 0 |a NASA 
610 2 0 |a dopyt 
610 2 0 |a ponuka 
610 2 0 |a inflácia 
610 2 0 |a obchod zahraničný 
610 2 0 |a priemysel letecký 
610 2 0 |a konverzia priemyslu 
610 2 0 |a politika priemyselná 
610 2 0 |a zamestnanosť 
610 2 0 |a konkurencia 
610 2 0 |a modely 
610 2 0 |a úroveň životná 
610 2 0 |a elektronika 
100 1 |a Glismann, Hans H. 
700 1 |a Horn, Ernst-Jürgen 
700 1 |a Schrader, Klaus